Sports Quiz

Random Sports or Logo Quiz
Score 0/25 Timer 06:00
6 Plays Today
% Correct
Patriots - BAC
70.2%
Cardinals - CBA
68.8%
Nuggets - BCA
68.1%
Magic - ACB
67.2%
Chargers - BAC
65.3%
Padres - CBA
64.8%
Pistons - CBA
64.7%
Bruins - CAB
63.8%
Bears - ABC
63.1%
Angels - BAC
63%
Maple Leafs - ACB
57.9%
Astros - ACB
56.1%
Kings - ABC
54%
% Correct
Brewers - BCA
53.4%
Seahawks - BCA
52.4%
Capitals - CAB
45.4%
Penguins - BAC
43.7%
Jazz - ACB
43%
76ers - BCA
41.5%
Canucks - BCA
39.3%
Jets - CBA
38.7%
Knicks - BCA
38.7%
Giants - CAB
34.4%
Spurs - CAB
23.9%
Pirates - BAC
20.4%
Remove Ads.
Support Sporcle.
Get the best of Sporcle when you Go Orange. This ad-free experience offers more features, more stats, and more fun while also helping to support Sporcle. Thank you for becoming a member.

You're not logged in!

Compare scores with friends on all Sporcle quizzes.
OR
Log In

Show Comments

Extras

Top Quizzes Today


Score Distribution

Your Account Isn't Verified!

In order to create a playlist on Sporcle, you need to verify the email address you used during registration. Go to your Sporcle Settings to finish the process.

Report this User

Report this user for behavior that violates our Community Guidelines.

Details: